|
|
|
|
| LEADER |
00000nam0a2200000 4500 |
| 001 |
274209 |
| 005 |
20231101234715.0 |
| 020 |
|
|
|a RU
|b 87-68202
|
| 035 |
|
|
|a (RuTPU)RU\TPU\book\297419
|
| 090 |
|
|
|a 274209
|
| 100 |
|
|
|a 20141031d1987 k y0rusy5003 ca
|
| 101 |
0 |
|
|a rus
|
| 102 |
|
|
|a RU
|
| 105 |
|
|
|a a z 001zy
|
| 200 |
1 |
|
|a Методы математического моделирования и обработки информации
|e междуведомственный сборник
|f Московский физико-технический институт (Государственный университет) (МФТИ)
|
| 210 |
|
|
|a Москва
|c Изд-во МФТИ
|d 1987
|
| 215 |
|
|
|a 168 с.
|c ил.
|d 20 см
|
| 320 |
|
|
|a Библиогр. в конце статей
|
| 606 |
1 |
|
|a Математическое моделирование
|2 stltpush
|3 (RuTPU)RU\TPU\subj\41237
|9 61043
|
| 606 |
1 |
|
|a Информация
|x Обработка
|x Автоматизация
|2 stltpush
|3 (RuTPU)RU\TPU\subj\12978
|9 39669
|
| 610 |
1 |
|
|a математические модели
|
| 610 |
1 |
|
|a построение
|
| 610 |
1 |
|
|a данные
|
| 610 |
1 |
|
|a распознавание
|
| 610 |
1 |
|
|a статистические методы
|
| 610 |
1 |
|
|a формализация
|
| 610 |
1 |
|
|a специальные задачи
|
| 610 |
1 |
|
|a исследование
|
| 610 |
1 |
|
|a физические процессы
|
| 610 |
1 |
|
|a численная реализация
|
| 675 |
|
|
|a 519.876
|z rus
|v 3
|
| 675 |
|
|
|a 681.3.01
|z rus
|v 3
|
| 712 |
0 |
2 |
|a Московский физико-технический институт (Государственный университет) (МФТИ)
|2 stltpush
|3 (RuTPU)RU\TPU\col\222
|
| 801 |
|
0 |
|a RU
|b RuMRKP
|c 19950417
|g psbo
|
| 801 |
|
1 |
|a RU
|b 63413507
|c 20141031
|
| 801 |
|
2 |
|a RU
|b 63413507
|c 20170119
|g RCR
|
| 942 |
|
|
|c BK
|